000
00241nam a22001097a 4500
999
_c
168287
_d
168287
082
_a
_b
100
_a
Sanni N M
245
_a
Hindi kahani ke sau varsh/
_c
by Sanni N M.
260
_a
Mathura,
_b
Jawahar,
_c
2008.
650
_a
942
_c
BK